[Event "HUN-chT2 Asztalos 2324"]
[Site "Hungary"]
[Date "2023.10.29"]
[Round "2.1"]
[White "Majnay, Peter"]
[Black "Papp, Tamas"]
[Result "1/2-1/2"]
[WhiteElo "1926"]
[BlackElo "2289"]
[PlyCount "79"]
[EventDate "2023.10.08"]
[EventType "team-tourn"]
[EventRounds "9"]
[EventCountry "HUN"]
[SourceTitle "EXT 2025"]
[Source "ChessBase"]
[SourceDate "2024.10.14"]
[SourceVersion "1"]
[SourceVersionDate "2024.10.14"]
[SourceQuality "1"]
[WhiteTeam "Komlo"]
[BlackTeam "Decs 1990"]
[WhiteTeamCountry "HUN"]
[BlackTeamCountry "HUN"]

1. e4 c5 2. Nf3 e6 3. c3 Qa5 4. Be2 Nf6 5. e5 Nd5 6. 0-0 Nc6 7. d4 cxd4 8. cxd4 d6 9. Re1 dxe5 10. dxe5 Bd7 11. Nbd2 Qc7 12. Bf1 Be7 13. Nc4 h6 14. Ne3 Nb6 15. Qc2 Rc8 16. Qe4 Nb4 17. Bd2 N4d5 18. Rac1 Qb8 19. Rxc8+ Qxc8 20. Rc1 Qb8 21. Nd4 0-0 22. Bd3 f5 23. exf6 Nxf6 24. Qf3 Bd6 25. h3 Be5 26. Bc3 Bxd4 27. Bxd4 Qd6 28. Bxb6 Qxd3 29. Bc5 Bc6 30. Qd1 Qxd1+ 31. Rxd1 Rc8 32. Bxa7 Ra8 33. Bd4 Rxa2 34. Ng4 Nxg4 35. hxg4 Kf7 36. Kh2 Ra4 37. Kg3 Rc4 38. Bc3 Re4 39. Rd4 Re2 40. Rd2 1/2-1/2

[Event "HUN-chT2 Asztalos 2223"]
[Site "Hungary"]
[Date "2023.04.23"]
[Round "9.2"]
[White "Papp, Tamas"]
[Black "Nemeth, Antal"]
[Result "1/2-1/2"]
[WhiteElo "2284"]
[BlackElo "2212"]
[PlyCount "38"]
[EventDate "2022.11.20"]
[EventType "team-tourn"]
[EventRounds "10"]
[EventCountry "HUN"]
[SourceTitle "EXT 2025"]
[Source "ChessBase"]
[SourceDate "2024.10.14"]
[SourceVersion "1"]
[SourceVersionDate "2024.10.14"]
[SourceQuality "1"]
[WhiteTeam "Decs 1990"]
[BlackTeam "Baja Spartacus"]
[WhiteTeamCountry "HUN"]
[BlackTeamCountry "HUN"]

1. e4 c5 2. c3 Nf6 3. e5 Nd5 4. d4 cxd4 5. Nf3 e6 6. Qxd4 Nc6 7. Qe4 f5 8. Qe2 Be7 9. g3 0-0 10. Bg2 b6 11. 0-0 Qc7 12. c4 Ba6 13. b3 Rac8 14. Rd1 Na5 15. Qb2 Nb4 16. a3 Nbc6 17. a4 Rfd8 18. Na3 d6 19. exd6 Bf6 1/2-1/2

[Event "HUN-chT2 Asztalos 2223"]
[Site "Hungary"]
[Date "2023.03.12"]
[Round "7.2"]
[White "Kadlicsko, Jozsef"]
[Black "Papp, Tamas"]
[Result "1/2-1/2"]
[WhiteElo "1999"]
[BlackElo "2284"]
[PlyCount "120"]
[EventDate "2022.11.20"]
[EventType "team-tourn"]
[EventRounds "10"]
[EventCountry "HUN"]
[SourceTitle "EXT 2025"]
[Source "ChessBase"]
[SourceDate "2024.10.14"]
[SourceVersion "1"]
[SourceVersionDate "2024.10.14"]
[SourceQuality "1"]
[WhiteTeam "Kaposvar Bastya"]
[BlackTeam "Decs 1990"]
[WhiteTeamCountry "HUN"]
[BlackTeamCountry "HUN"]

1. e4 c6 2. d4 g6 3. Nf3 Bg7 4. c3 d5 5. Nbd2 dxe4 6. Nxe4 Nd7 7. Bc4 Nb6 8. Bb3 Nh6 9. 0-0 0-0 10. h3 Nf5 11. Re1 Qc7 12. Nc5 Nd5 13. Nd3 b6 14. c4 Nf6 15. Bf4 Qd8 16. Nde5 Bb7 17. g4 Nd6 18. Qd2 Rc8 19. Rad1 c5 20. dxc5 Rxc5 21. Qe3 Qa8 22. Kh2 Bxf3 23. Qxf3 Qxf3 24. Nxf3 Nxc4 25. Rxe7 Nxb2 26. Rd2 Nc4 27. Rc2 Na5 28. Rxc5 bxc5 29. Rxa7 Nxb3 30. axb3 Ne4 31. Be3 Rb8 32. Kg2 h6 33. Re7 f5 34. gxf5 gxf5 35. Rc7 Bf8 36. Rc6 Rxb3 37. Nh4 f4 38. Bxf4 Rb2 39. Be3 Kf7 40. Nf5 h5 41. Kf3 Rb4 42. Bc1 Nf6 43. Bg5 Nd7 44. Bf4 Rb3+ 45. Kg2 Rb6 46. Rxb6 Nxb6 47. Bd6 Bxd6 48. Nxd6+ Ke6 49. Ne4 c4 50. Kf3 Nd5 51. h4 c3 52. Ke2 Ke5 53. Ng3 Kd4 54. Nxh5 Kc4 55. Ng3 Kb3 56. Kf3 c2 57. Ne2 Kc4 58. h5 Kd3 59. h6 Nf6 60. Nc1+ Kd2 1/2-1/2

[Event "HUN-chT2 Asztalos 2223"]
[Site "Hungary"]
[Date "2023.02.19"]
[Round "6.1"]
[White "Bihercz, Gabor"]
[Black "Papp, Tamas"]
[Result "0-1"]
[WhiteElo "2221"]
[BlackElo "2284"]
[PlyCount "56"]
[EventDate "2022.11.20"]
[EventType "team-tourn"]
[EventRounds "10"]
[EventCountry "HUN"]
[SourceTitle "EXT 2025"]
[Source "ChessBase"]
[SourceDate "2024.10.14"]
[SourceVersion "1"]
[SourceVersionDate "2024.10.14"]
[SourceQuality "1"]
[WhiteTeam "Szentlorinc"]
[BlackTeam "Decs 1990"]
[WhiteTeamCountry "HUN"]
[BlackTeamCountry "HUN"]

1. d4 g6 2. e4 c6 3. f4 Bg7 4. Nf3 d5 5. e5 Bg4 6. Bd3 h5 7. h3 Bxf3 8. Qxf3 e6 9. 0-0 Nd7 10. c3 Nh6 11. Be3 Nf5 12. Nd2 Qe7 13. b4 Nxe3 14. Qxe3 a5 15. bxa5 Rxa5 16. a4 b6 17. c4 0-0 18. cxd5 cxd5 19. Rfc1 Bh6 20. Rc7 Rfa8 21. Kh2 Qd8 22. Rac1 Nc5 23. Bb5 Qxc7 24. dxc5 bxc5 25. Nb3 Rxa4 26. Bxa4 Rxa4 27. Rxc5 Qb7 28. g3 Ra2+ 0-1

[Event "HUN-chT2 Asztalos 2223"]
[Site "Hungary"]
[Date "2023.01.29"]
[Round "4.1"]
[White "Kiss, Viktor"]
[Black "Papp, Tamas"]
[Result "0-1"]
[WhiteElo "2224"]
[BlackElo "2284"]
[PlyCount "68"]
[EventDate "2022.11.20"]
[EventType "team-tourn"]
[EventRounds "10"]
[EventCountry "HUN"]
[SourceTitle "EXT 2025"]
[Source "ChessBase"]
[SourceDate "2024.10.14"]
[SourceVersion "1"]
[SourceVersionDate "2024.10.14"]
[SourceQuality "1"]
[WhiteTeam "Fehervar"]
[BlackTeam "Decs 1990"]
[WhiteTeamCountry "HUN"]
[BlackTeamCountry "HUN"]

1. e4 c5 2. Nf3 Nc6 3. Bb5 g6 4. 0-0 Bg7 5. c3 Nf6 6. Re1 0-0 7. d4 d5 8. e5 Ne4 9. Bxc6 bxc6 10. Nfd2 Nxd2 11. Nxd2 cxd4 12. cxd4 f6 13. e6 Qd6 14. Nb3 f5 15. Nc5 Rb8 16. a3 a5 17. Qd3 Rb5 18. b4 axb4 19. axb4 Rxb4 20. Nb3 Qb8 21. Ra3 Rc4 22. Bd2 Qd6 23. Ra7 Bxe6 24. Bg5 Bf6 25. Bxf6 exf6 26. Qe3 Bf7 27. Nc5 f4 28. Qd2 Re8 29. Rxe8+ Bxe8 30. h4 Bf7 31. h5 gxh5 32. Rd7 Qb8 33. Qe2 Rc1+ 34. Kh2 f3+ 0-1

[Event "HUN-chT2 Asztalos 2122"]
[Site "Hungary"]
[Date "2022.04.10"]
[Round "9.1"]
[White "Nemeth, Attila"]
[Black "Papp, Tamas"]
[Result "1/2-1/2"]
[WhiteElo "1963"]
[BlackElo "2309"]
[PlyCount "60"]
[EventDate "2021.10.10"]
[EventType "team-tourn"]
[EventRounds "9"]
[EventCountry "HUN"]
[SourceTitle "EXT 2025"]
[Source "ChessBase"]
[SourceDate "2024.10.14"]
[SourceVersion "1"]
[SourceVersionDate "2024.10.14"]
[SourceQuality "1"]
[WhiteTeam "Komlo Banyasz II"]
[BlackTeam "Decs 1990"]
[WhiteTeamCountry "HUN"]
[BlackTeamCountry "HUN"]

1. d4 Nf6 2. c4 g6 3. Nc3 d5 4. cxd5 Nxd5 5. e4 Nxc3 6. bxc3 Bg7 7. Bb5+ c6 8. Bc4 b5 9. Bb3 Bb7 10. Ne2 e6 11. 0-0 0-0 12. Ba3 Re8 13. Qd3 a5 14. Rad1 Nd7 15. f4 a4 16. Bc2 Qc7 17. Qe3 Rac8 18. Bd3 Ba6 19. Rb1 Qa7 20. e5 f5 21. h3 Bf8 22. Bxf8 Rxf8 23. Kh2 Rc7 24. g4 Nb6 25. gxf5 gxf5 26. Rg1+ Kh8 27. Rg5 Nd5 28. Qg3 Rg7 29. Rg1 Rfg8 30. Qh4 Qc7 1/2-1/2

[Event "HUN-chT2 Barcza 2122"]
[Site "Hungary"]
[Date "2022.02.27"]
[Round "7.2"]
[White "Papp, Tamas"]
[Black "Toth, Tamas"]
[Result "1-0"]
[WhiteElo "2336"]
[BlackElo "2165"]
[PlyCount "65"]
[EventDate "2021.10.10"]
[EventType "team-tourn"]
[EventRounds "9"]
[EventCountry "HUN"]
[SourceTitle "EXT 2025"]
[Source "ChessBase"]
[SourceDate "2024.10.14"]
[SourceVersion "1"]
[SourceVersionDate "2024.10.14"]
[SourceQuality "1"]
[WhiteTeam "Szirmabesenyo"]
[BlackTeam "Hajduboszormeny"]
[WhiteTeamCountry "HUN"]
[BlackTeamCountry "HUN"]

1. d4 d5 2. c4 e6 3. Nf3 Nf6 4. g3 Be7 5. Bg2 0-0 6. 0-0 dxc4 7. Qc2 a6 8. Qxc4 b5 9. Qc2 Bb7 10. Bd2 Nc6 11. e3 Ra7 12. Rc1 Qa8 13. Ne1 Nb4 14. Bxb4 Bxb4 15. Bxb7 Qxb7 16. Nd3 Bd6 17. Qc6 Rb8 18. Qxb7 Raxb7 19. Nd2 a5 20. Nb3 Ra7 21. f3 Nd5 22. Kf2 a4 23. Nbc5 a3 24. b3 b4 25. Rc4 Ra5 26. e4 Nb6 27. Rc2 Rb5 28. Na6 Rd8 29. Ke3 Ra8 30. Nxc7 Bxc7 31. Rxc7 Rb8 32. Rac1 f6 33. Re7 1-0

[Event "HUN-chT2 Asztalos 2122"]
[Site "Hungary"]
[Date "2021.12.19"]
[Round "4.1"]
[White "Janoshalmi, Attila"]
[Black "Papp, Tamas"]
[Result "0-1"]
[WhiteElo "2203"]
[BlackElo "2309"]
[PlyCount "246"]
[EventDate "2021.10.10"]
[EventType "team-tourn"]
[EventRounds "9"]
[EventCountry "HUN"]
[SourceTitle "EXT 2025"]
[Source "ChessBase"]
[SourceDate "2024.10.14"]
[SourceVersion "1"]
[SourceVersionDate "2024.10.14"]
[SourceQuality "1"]
[WhiteTeam "Racalmas Kiralysakk"]
[BlackTeam "Decs 1990"]
[WhiteTeamCountry "HUN"]
[BlackTeamCountry "HUN"]

1. d4 Nf6 2. Bg5 Ne4 3. Bf4 c5 4. f3 Nf6 5. dxc5 Qa5+ 6. Nc3 Qxc5 7. e4 d6 8. Qd2 Be6 9. 0-0-0 Nbd7 10. Kb1 Nb6 11. Bb5+ Bd7 12. Be3 Qc7 13. Bxb6 Qxb6 14. Nd5 Qd8 15. Nxf6+ gxf6 16. Bxd7+ Qxd7 17. Ne2 0-0-0 18. Qd5 e6 19. Qd4 Kb8 20. g4 Rg8 21. Ng3 Bg7 22. Qb4 Bf8 23. Qb3 Rg5 24. c4 Rc5 25. Rc1 Rdc8 26. Nh5 Be7 27. Qd3 Qc7 28. Rc2 Rxc4 29. Rxc4 Qxc4 30. Qxc4 Rxc4 31. Rc1 Rc6 32. Rg1 Kc7 33. Nf4 Kd7 34. Rg3 Rc8 35. Rh3 Rh8 36. Rh5 h6 37. Kc2 Bd8 38. Kd3 Ke7 39. Rb5 b6 40. Rh5 Bc7 41. Ne2 Kf8 42. a4 Kg7 43. Kc4 a6 44. b4 Rc8 45. Kb3 Bd8 46. f4 Bc7 47. Nd4 Re8 48. b5 a5 49. f5 e5 50. Ne2 d5 51. exd5 e4 52. Kc4 e3 53. Kd3 Bd6 54. Rh3 Bc5 55. Rf3 Re5 56. Nf4 Kf8 57. Rf1 Ke7 58. Rd1 Kd6 59. Ke2 Re4 60. Nd3 Bd4 61. Rc1 Rxg4 62. Kf3 Rh4 63. Nf4 Be5 64. Rc6+ Kd7 65. Ng2 Rxa4 66. Nxe3 Rb4 67. Nc4 Rxb5 68. Nxb6+ Ke7 69. Nc8+ Kd7 70. Nb6+ Ke7 71. Nc8+ Kf8 72. d6 Rd5 73. h3 a4 74. Ra6 Rd3+ 75. Ke2 Rd4 76. Ra8 Kg7 77. Ra6 a3 78. Rxa3 Bxd6 79. Nxd6 Rxd6 80. Rg3+ Kh7 81. Ke3 h5 82. Ke4 Ra6 83. Rd3 Kh6 84. h4 Ra1 85. Kf3 Rf1+ 86. Kg2 Rxf5 87. Rd8 Kg7 88. Kg3 Ra5 89. Rd3 Ra4 90. Re3 Rg4+ 91. Kh3 f5 92. Ra3 f4 93. Ra5 Kg6 94. Ra6+ f6 95. Ra2 Rg3+ 96. Kh2 Kf5 97. Ra6 Rb3 98. Kg2 Rc3 99. Rb6 Ra3 100. Rc6 Kg4 101. Rxf6 Ra2+ 102. Kg1 Kg3 103. Kf1 Kf3 104. Kg1 Rg2+ 105. Kf1 Rh2 106. Kg1 Rxh4 107. Ra6 Rg4+ 108. Kf1 Kg3 109. Rb6 h4 110. Kg1 h3 111. Rh6 f3 112. Rh8 Rd4 113. Rg8+ Kf4 114. Rh8 Rd1+ 115. Kf2 Rd2+ 116. Ke1 Rg2 117. Rxh3 Ke3 118. Kd1 Rg1+ 119. Kc2 Ke2 120. Rh8 f2 121. Re8+ Kf3 122. Rf8+ Ke3 123. Re8+ Kd4 0-1

[Event "HUN-chT2 Barcza 2122"]
[Site "Hungary"]
[Date "2021.12.19"]
[Round "4.1"]
[White "Papp, Tamas"]
[Black "Hando, Vilmos"]
[Result "1/2-1/2"]
[WhiteElo "2336"]
[BlackElo "2371"]
[PlyCount "52"]
[EventDate "2021.10.10"]
[EventType "team-tourn"]
[EventRounds "9"]
[EventCountry "HUN"]
[SourceTitle "EXT 2025"]
[Source "ChessBase"]
[SourceDate "2024.10.14"]
[SourceVersion "1"]
[SourceVersionDate "2024.10.14"]
[SourceQuality "1"]
[WhiteTeam "Szirmabesenyo"]
[BlackTeam "Kazincbarcika"]
[WhiteTeamCountry "HUN"]
[BlackTeamCountry "HUN"]

1. d4 Nf6 2. c4 g6 3. g3 Bg7 4. Bg2 d6 5. Nc3 0-0 6. Nf3 Nc6 7. d5 Na5 8. Qd3 c5 9. Nd2 e6 10. 0-0 exd5 11. cxd5 a6 12. b3 b5 13. Bb2 Nb7 14. Nd1 Bd7 15. e4 Rc8 16. Rb1 Re8 17. Ne3 Ng4 18. Nxg4 Bxg4 19. Bxg7 Kxg7 20. f4 Qf6 21. Qe3 Qd4 22. Rfe1 Qxe3+ 23. Rxe3 f6 24. Kf2 Nd8 25. a4 Nf7 26. Bf1 Bd7 1/2-1/2

[Event "HUN-chT2 Asztalos 1819"]
[Site "Hungary"]
[Date "2019.01.27"]
[Round "4.1"]
[White "Papp, Tamas"]
[Black "Katai, David"]
[Result "1-0"]
[WhiteElo "2275"]
[BlackElo "2167"]
[PlyCount "45"]
[EventDate "2018.10.28"]
[EventType "team-tourn"]
[EventRounds "9"]
[EventCountry "HUN"]
[SourceTitle "CBM 189 Extra"]
[Source "ChessBase"]
[SourceDate "2019.05.31"]
[SourceVersion "1"]
[SourceVersionDate "2019.05.31"]
[SourceQuality "1"]
[WhiteTeam "Decs 1990"]
[BlackTeam "Kaposvar Bastya"]
[WhiteTeamCountry "HUN"]
[BlackTeamCountry "HUN"]

1. e4 c5 2. Nf3 e6 3. d4 cxd4 4. Nxd4 Nf6 5. Nc3 d6 6. Bc4 a6 7. Bb3 b5 8. Bg5 Be7 9. Qf3 Qc7 10. 0-0-0 0-0 11. Rhe1 Nc6 12. Nxc6 Qxc6 13. Qg3 Bb7 14. f4 b4 15. Bxf6 Bxf6 16. e5 dxe5 17. Ne4 Be7 18. fxe5 a5 19. Rd4 a4 20. Bc4 Rfc8 21. Nf6+ Kh8 22. Rh4 gxf6 23. Qh3 1-0

[Event "HUN-chT2 Asztalos 1718"]
[Site "Hungary"]
[Date "2017.10.29"]
[Round "1.1"]
[White "Solty, Laszlo"]
[Black "Papp, Tamas"]
[Result "0-1"]
[WhiteElo "2081"]
[BlackElo "2268"]
[PlyCount "94"]
[EventDate "2017.10.29"]
[EventType "team-tourn"]
[EventRounds "9"]
[EventCountry "HUN"]
[SourceTitle "EXT 2021"]
[Source "ChessBase"]
[SourceDate "2020.10.23"]
[SourceVersion "1"]
[SourceVersionDate "2020.10.23"]
[SourceQuality "1"]
[WhiteTeam "Komlo Banyasz II"]
[BlackTeam "Decs 1990"]
[WhiteTeamCountry "HUN"]
[BlackTeamCountry "HUN"]

1. e4 c6 2. d4 g6 3. Nf3 Bg7 4. g3 d5 5. e5 Nh6 6. Bg2 c5 7. c3 Nc6 8. 0-0 cxd4 9. cxd4 0-0 10. Nc3 Bg4 11. h3 Bxf3 12. Bxf3 e6 13. Bg2 f6 14. exf6 Qxf6 15. Ne2 Nf5 16. Be3 Nfxd4 17. Nf4 Nf5 18. Bc5 Rfe8 19. Re1 Kh8 20. Rb1 Rad8 21. Ba3 Qf7 22. b4 e5 23. Nd3 e4 24. Nf4 Ne5 25. Bb2 Nh4 26. Bxe5 Bxe5 27. Qg4 Nxg2 28. Nxg2 Bd4 29. Re2 Rf8 30. Nf4 Rd6 31. Rd1 Be5 32. Ng2 Rf6 33. Rf1 Rf3 34. Ne3 Bd4 35. Nd1 Qc7 36. Kg2 Qc4 37. Rfe1 R8f5 38. Qh4 Qxb4 39. Qd8+ Qf8 40. Qxf8+ Rxf8 41. Rf1 e3 42. Nxe3 Bxe3 43. Rxe3 Rxe3 44. fxe3 Rxf1 45. Kxf1 Kg7 46. Ke2 Kf6 47. Kf3 Ke5 0-1

[Event "HUN-ch U18"]
[Site "Balatonlelle"]
[Date "2016.06.28"]
[Round "5"]
[White "Dankhazi, Andras"]
[Black "Papp, Tamas"]
[Result "1-0"]
[WhiteElo "2267"]
[BlackElo "2318"]
[PlyCount "63"]
[EventDate "2016.06.24"]
[EventType "swiss"]
[EventRounds "7"]
[EventCountry "HUN"]
[SourceTitle "CBM 173 Extra"]
[Source "ChessBase"]
[SourceDate "2016.08.29"]
[SourceVersion "1"]
[SourceVersionDate "2016.08.29"]
[SourceQuality "1"]

1. e4 c5 2. Nf3 e6 3. d4 cxd4 4. Nxd4 a6 5. c4 Nf6 6. Nc3 Bb4 7. Qd3 d5 8. exd5 exd5 9. Be2 0-0 10. 0-0 dxc4 11. Qxc4 Bd6 12. Rd1 Qe7 13. Bg5 b5 14. Qd3 Ra7 15. Nd5 Bxh2+ 16. Kxh2 Qe5+ 17. Bf4 Qxd5 18. Bxb8 Re7 19. Bf3 Ne4 20. Ne2 Qc6 21. Bf4 Bb7 22. Qd4 Qg6 23. Rac1 Nf6 24. Bxb7 Rxb7 25. f3 Re7 26. Ng3 h5 27. Qd3 h4 28. Nf5 Rb7 29. Bd6 Rd8 30. Ne7+ Rxe7 31. Qxg6 Red7 32. Qf5 1-0

[Event "HUN-ch U18"]
[Site "Balatonlelle"]
[Date "2016.06.27"]
[Round "4"]
[White "Papp, Tamas"]
[Black "Egri, Laszlo Jr"]
[Result "1/2-1/2"]
[WhiteElo "2318"]
[BlackElo "2235"]
[PlyCount "52"]
[EventDate "2016.06.24"]
[EventType "swiss"]
[EventRounds "7"]
[EventCountry "HUN"]
[SourceTitle "CBM 173 Extra"]
[Source "ChessBase"]
[SourceDate "2016.08.29"]
[SourceVersion "1"]
[SourceVersionDate "2016.08.29"]
[SourceQuality "1"]

1. Nf3 c5 2. e3 Nf6 3. Be2 b6 4. 0-0 Bb7 5. b3 e6 6. Bb2 Be7 7. d4 d6 8. c4 0-0 9. Nbd2 Nbd7 10. Qc2 Qc7 11. Qc3 Rfe8 12. Rae1 Bf8 13. Nh4 cxd4 14. exd4 d5 15. f4 Rac8 16. Qe3 dxc4 17. bxc4 b5 18. c5 Nd5 19. Qg3 a6 20. Ne4 N7f6 21. Nxf6+ Nxf6 22. Bd3 Bd5 23. a3 g6 24. Qg5 Bg7 25. Nf3 Nd7 26. Re2 Qb7 1/2-1/2

[Event "HUN-chT2 Charousek 1516"]
[Site "Hungary"]
[Date "2016.03.20"]
[Round "7.4"]
[White "Papp, Tamas"]
[Black "Jamrich, Gyorgy"]
[Result "1-0"]
[WhiteElo "2254"]
[BlackElo "2227"]
[PlyCount "111"]
[EventDate "2015.10.18"]
[EventType "team-tourn"]
[EventRounds "9"]
[EventCountry "HUN"]
[SourceTitle "EXT 2017"]
[Source "ChessBase"]
[SourceDate "2016.10.25"]
[SourceVersion "1"]
[SourceVersionDate "2016.10.25"]
[SourceQuality "1"]
[WhiteTeam "Decs 1990"]
[BlackTeam "Balatonfuered"]
[WhiteTeamCountry "HUN"]
[BlackTeamCountry "HUN"]

1. e4 e5 2. Bc4 Nc6 3. Nc3 Nf6 4. d3 Be7 5. f4 d6 6. a3 Bg4 7. Nge2 Nh5 8. 0-0 exf4 9. Bxf4 0-0 10. Be3 Ne5 11. Ba2 Bg5 12. Qd2 Bxe3+ 13. Qxe3 Be6 14. Bxe6 fxe6 15. Qh3 Qg5 16. Qxe6+ Kh8 17. Rf5 Qe3+ 18. Kh1 g6 19. Rff1 Rf2 20. Rxf2 Qxf2 21. d4 Nc6 22. Qc4 Rf8 23. Qd3 g5 24. Nd5 g4 25. Qe3 Qxe3 26. Nxe3 Re8 27. e5 dxe5 28. d5 Nd4 29. Re1 Nf6 30. Nc1 Nb5 31. c4 Nd4 32. Nd3 h5 33. Rf1 Kg7 34. Kg1 a5 35. Nf5+ Nxf5 36. Rxf5 e4 37. Nf4 h4 38. Kf2 a4 39. Ke3 b5 40. c5 b4 41. Kd4 bxa3 42. bxa3 e3 43. Ne6+ Kg6 44. Rg5+ Kh6 45. Re5 c6 46. dxc6 Rc8 47. Kxe3 Rxc6 48. Nd4 Rc8 49. Nf5+ Kh7 50. Kf4 Rb8 51. Kg5 h3 52. gxh3 Ng8 53. hxg4 Rb3 54. Re3 Nh6 55. Re7+ Kh8 56. Kxh6 1-0

[Event "HUN-chT2 Charousek 1516"]
[Site "Hungary"]
[Date "2015.10.18"]
[Round "1.6"]
[White "Krstulovic, Alex"]
[Black "Papp, Tamas"]
[Result "1/2-1/2"]
[WhiteElo "2250"]
[BlackElo "2254"]
[PlyCount "52"]
[EventDate "2015.10.18"]
[EventType "team-tourn"]
[EventRounds "9"]
[EventCountry "HUN"]
[SourceTitle "CBM 170 Extra"]
[Source "ChessBase"]
[SourceDate "2016.02.25"]
[SourceVersion "1"]
[SourceVersionDate "2016.02.25"]
[SourceQuality "1"]
[WhiteTeam "Aquaprofit II"]
[BlackTeam "Decs 1990"]
[WhiteTeamCountry "HUN"]
[BlackTeamCountry "HUN"]

1. d4 g6 2. c4 c6 3. Nc3 Nf6 4. e4 d6 5. Be2 a6 6. Nf3 Bg7 7. 0-0 0-0 8. Bg5 Bg4 9. h3 Bxf3 10. Bxf3 Nbd7 11. g3 e5 12. d5 Qc7 13. Rc1 a5 14. a3 Nb6 15. Na4 Nxa4 16. Qxa4 Nd7 17. Qd1 c5 18. a4 f5 19. Bd2 Nf6 20. Qc2 Nxe4 21. Bxe4 fxe4 22. Qxe4 Qd7 23. Qg4 Rf5 24. b3 b6 25. f3 Raf8 26. Kg2 Kh8 1/2-1/2

[Event "HUN-ch U16"]
[Site "Balatonlelle"]
[Date "2015.06.24"]
[Round "7"]
[White "Papp, Tamas"]
[Black "Marosi, Levente"]
[Result "1-0"]
[WhiteElo "2247"]
[BlackElo "2205"]
[PlyCount "61"]
[EventDate "2015.06.18"]
[EventType "swiss"]
[EventRounds "7"]
[EventCountry "HUN"]
[SourceTitle "CBM 167 Extra"]
[Source "ChessBase"]
[SourceDate "2015.09.14"]
[SourceVersion "1"]
[SourceVersionDate "2015.09.14"]
[SourceQuality "1"]

1. d4 Nf6 2. Nf3 g6 3. c4 Bg7 4. Nc3 0-0 5. Bf4 d6 6. h3 c5 7. d5 b5 8. Nxb5 Ne4 9. Qc1 a6 10. Nc3 Nxc3 11. bxc3 Qa5 12. Bd2 Nd7 13. e4 Nb6 14. a4 f5 15. exf5 Bxf5 16. Be2 Nd7 17. 0-0 Nf6 18. Bh6 Rab8 19. Bxg7 Kxg7 20. Qe3 Rfe8 21. Nh4 Bd7 22. Rab1 Qc7 23. Bd3 e6 24. Qg5 Rxb1 25. Rxb1 Ng8 26. Bxg6 hxg6 27. Qxg6+ Kf8 28. Qh7 Ne7 29. Re1 Rb8 30. dxe6 Be8 31. Re3 1-0

[Event "HUN-ch U16"]
[Site "Balatonlelle"]
[Date "2015.06.23"]
[Round "6"]
[White "Szukics, Adam"]
[Black "Papp, Tamas"]
[Result "0-1"]
[WhiteElo "1985"]
[BlackElo "2247"]
[PlyCount "67"]
[EventDate "2015.06.18"]
[EventType "swiss"]
[EventRounds "7"]
[EventCountry "HUN"]
[SourceTitle "CBM 167 Extra"]
[Source "ChessBase"]
[SourceDate "2015.09.14"]
[SourceVersion "1"]
[SourceVersionDate "2015.09.14"]
[SourceQuality "1"]

1. e4 c5 2. Nf3 e6 3. d4 cxd4 4. Nxd4 a6 5. Bd3 Nf6 6. 0-0 d6 7. c4 g6 8. Qe2 Bg7 9. Nc3 0-0 10. Rd1 Qc7 11. Nf3 Nc6 12. h3 Nd7 13. Be3 Nde5 14. Nxe5 dxe5 15. Rac1 Nd4 16. Qd2 Rd8 17. b4 f5 18. f3 f4 19. Bf2 g5 20. Qb2 h5 21. Be2 Bh6 22. Na4 g4 23. Bxd4 exd4 24. Rxd4 Bg7 25. Rxd8+ Qxd8 26. Qc2 Bd4+ 27. Kh1 e5 28. Bf1 Qh4 29. Nc5 Qg3 30. Qe2 gxh3 31. Rc2 Kh7 32. Nb3 Be3 33. Qd1 Be6 34. gxh3 0-1

[Event "HUN-ch U16"]
[Site "Balatonlelle"]
[Date "2015.06.20"]
[Round "3"]
[White "Papp, Tamas"]
[Black "Horvath, Kristof"]
[Result "1-0"]
[WhiteElo "2247"]
[BlackElo "1875"]
[PlyCount "51"]
[EventDate "2015.06.18"]
[EventType "swiss"]
[EventRounds "7"]
[EventCountry "HUN"]
[SourceTitle "CBM 167 Extra"]
[Source "ChessBase"]
[SourceDate "2015.09.14"]
[SourceVersion "1"]
[SourceVersionDate "2015.09.14"]
[SourceQuality "1"]

1. d4 d5 2. c4 e6 3. Nf3 Nf6 4. g3 b6 5. Bg2 Bb7 6. 0-0 Be7 7. Ne5 0-0 8. Nc3 Nbd7 9. Bf4 Re8 10. Rc1 c6 11. e4 Nf8 12. Be3 Rc8 13. f4 Bb4 14. exd5 cxd5 15. Qa4 Qe7 16. Nb5 a5 17. Na7 Ra8 18. Nac6 Bxc6 19. Qxc6 Qd8 20. c5 bxc5 21. dxc5 a4 22. Qb7 Rb8 23. Qxf7+ Kh8 24. Nc6 Qc8 25. Nxb8 Qxb8 26. c6 1-0

[Event "HUN-chT2 Charousek 1415"]
[Site "Hungary"]
[Date "2015.03.01"]
[Round "7"]
[White "Gjuran, Denis"]
[Black "Papp, Tamas"]
[Result "0-1"]
[WhiteElo "2332"]
[BlackElo "2239"]
[PlyCount "102"]
[EventDate "2014.10.12"]
[EventType "team-tourn"]
[EventRounds "9"]
[EventCountry "HUN"]
[SourceTitle "EXT 2016"]
[Source "ChessBase"]
[SourceDate "2015.10.08"]
[SourceVersion "1"]
[SourceVersionDate "2015.10.08"]
[SourceQuality "1"]
[WhiteTeam "SZASTE"]
[BlackTeam "Decs"]
[WhiteTeamCountry "HUN"]
[BlackTeamCountry "HUN"]

1. e4 c5 2. c3 g6 3. d4 cxd4 4. cxd4 d5 5. e5 Nc6 6. Nc3 a6 7. h3 h5 8. Be2 Bh6 9. Nf3 Bf5 10. 0-0 e6 11. Bd3 Bxc1 12. Rxc1 Bg4 13. Re1 Bxf3 14. Qxf3 Nxd4 15. Qf4 Nc6 16. Na4 Nge7 17. Nc5 Ra7 18. Re3 Qc7 19. Qf6 Rf8 20. a3 Nb8 21. b4 Nd7 22. Qg7 Rg8 23. Qh7 b6 24. Nb3 Qb8 25. Nd4 Rc7 26. Rce1 Nf8 27. Qh6 Qc8 28. Rf3 b5 29. Qf4 Rg7 30. Qf6 Rh7 31. Bxb5+ axb5 32. Nxb5 Qb8 33. Nxc7+ Qxc7 34. b5 Nc8 35. a4 Nd7 36. Qf4 Qa5 37. Rc1 Ncb6 38. Rfc3 Nc4 39. Rxc4 dxc4 40. Qxc4 Ke7 41. Qd4 Rh8 42. Qd6+ Kd8 43. Rd1 Qc7 44. Qd2 Re8 45. a5 Re7 46. a6 Ke8 47. Rc1 Qd8 48. Rd1 Qa8 49. Qa5 Nc5 50. Qb6 Rd7 51. Rxd7 Nxd7 0-1

[Event "Pula op 28th"]
[Site "Pula"]
[Date "2014.06.12"]
[Round "7"]
[White "Papp, Tamas"]
[Black "Krsnik Cohar, Ivan Vihor"]
[Result "0-1"]
[WhiteElo "2276"]
[BlackElo "2106"]
[PlyCount "84"]
[EventDate "2014.06.07"]
[EventType "swiss"]
[EventRounds "9"]
[EventCountry "CRO"]
[SourceTitle "CBM 160 Extra"]
[Source "ChessBase"]
[SourceDate "2014.07.01"]
[SourceVersion "1"]
[SourceVersionDate "2014.07.01"]
[SourceQuality "1"]

1. e4 d5 2. exd5 Qxd5 3. Nc3 Qd6 4. d4 Nf6 5. Nf3 Bg4 6. h3 Bxf3 7. Qxf3 c6 8. Bf4 Qd8 9. 0-0-0 e6 10. Be5 Nbd7 11. g4 Bb4 12. g5 Nxe5 13. dxe5 Nd7 14. Ne4 Qc7 15. Qb3 Be7 16. Nd6+ Bxd6 17. exd6 Qb6 18. Qf3 Qa5 19. Bc4 Qxg5+ 20. Kb1 Qf6 21. Qe2 0-0-0 22. h4 Nb6 23. Bb3 Rd7 24. c4 Qf5+ 25. Ka1 Rhd8 26. Rhg1 h6 27. Rxg7 c5 28. Qe3 Rxd6 29. Rxd6 Rxd6 30. Qxh6 Qxf2 31. a3 a5 32. a4 Nd7 33. Rg8+ Kc7 34. Qh8 Qf6 35. Rc8+ Kb6 36. h5 Rd2 37. h6 Rh2 38. Kb1 Rxb2+ 39. Kc1 Rxb3 40. Qd8+ Qxd8 41. Rxd8 Nf6 42. Rf8 Rh3 0-1